Statistics for Premier League 20/21 Quiz

Click here to take the quiz!

General Stats

  • This quiz has been taken 29 times
  • The average score is 18 of 20

Answer Stats

Club% Correct
Arsenal
100%
Chelsea
100%
Leicester
100%
Liverpool
100%
Manchester City
100%
Manchester United
100%
Tottenham Hotspur
100%
West Ham
96%
Aston Villa
93%
Everton
93%
Crystal Palace
89%
Brighton
86%
Burnley
86%
Wolves
86%
Leeds
82%
Newcastle
82%
Southampton
82%
Sheffield United
75%
Fulham
71%
West Brom
71%

Score Distribution

Percentile by Number Answered

Percent of People with Each Score

Your Score History

You have not taken this quiz